kku e-library facility

Data Mining and Warehousing (Record no. 131)

MARC details
000 -LEADER
fixed length control field 00363nam a2200133 4500
005 - DATE AND TIME OF LATEST TRANSACTION
control field 20260119123124.0
008 - FIXED-LENGTH DATA ELEMENTS--GENERAL INFORMATION
fixed length control field 260119b |||||||| |||| 00| 0 eng d
020 ## - INTERNATIONAL STANDARD BOOK NUMBER
International Standard Book Number 9789352691081
100 ## - MAIN ENTRY--PERSONAL NAME
Personal name Gautam Anju
245 ## - TITLE STATEMENT
Title Data Mining and Warehousing
Statement of responsibility, etc. / Anju Gautam
260 ## - PUBLICATION, DISTRIBUTION, ETC.
Place of publication, distribution, etc. New Delhi;
Name of publisher, distributor, etc. Random Publications;
Date of publication, distribution, etc. 2019
300 ## - PHYSICAL DESCRIPTION
Extent v; 264p.
Dimensions 24cm
942 ## - ADDED ENTRY ELEMENTS (KOHA)
Source of classification or shelving scheme Library of Congress Classification
Suppress in OPAC No
Koha item type Books

No items available.

©2025 All rights reserved. KKU